[Event "WA Class Championship"]
[Site "Lynnwood, WA"]
[Date "????.??.??"]
[Round "3"]
[White "Charleston, Scott"]
[Black "Lopez, Francisco"]
[Result "0-1"]
[WhiteElo "1673"]
[BlackElo "1697"]
[PlyCount "72"]
[SourceDate "2018.01.03"]
[SourceVersionDate "2018.01.03"]

1. c4 c6 2. Nc3 e6 3. g3 d5 4. cxd5 exd5 5. Bg2 f5 6. d4 Nf6 7. Nf3 Bd6 8. O-O
O-O 9. Qc2 Qc7 10. Bg5 Ne4 11. Qc1 Nd7 12. Bf4 Ndf6 13. Bxd6 Qxd6 14. Ne5 Be6
15. f3 Qb4 16. e3 Nd6 17. a3 Qa5 18. b4 Qc7 19. Ne2 Rae8 20. Nf4 Nd7 21. Nfd3
Re7 22. Nxd7 Bxd7 23. Ne5 Nf7 24. Nxf7 Rfxf7 25. Re1 a6 26. e4 fxe4 27. fxe4
dxe4 28. Rxe4 Rxe4 29. Bxe4 Be6 30. Qc2 h6 31. Bh7+ Kh8 32. Re1 Qd7 33. Qe4 Rf6
34. Bg6 Rxg6 35. Qxg6 Qxd4+ 36. Kg2 Qd2+ 0-1

[Event "WA Class Championship"]
[Site "Lynnwood, WA"]
[Date "????.??.??"]
[Round "2"]
[White "Zhang, Eric"]
[Black "Mukumbya, Benjamin"]
[Result "1/2-1/2"]
[WhiteElo "2056"]
[BlackElo "2056"]
[PlyCount "68"]
[SourceDate "2018.01.03"]
[SourceVersionDate "2018.01.03"]

1. d4 Nf6 2. c4 e6 3. Nf3 b6 4. g3 Bb7 5. Bg2 Be7 6. O-O O-O 7. Nbd2 c5 8. e3
Na6 9. b3 Rc8 10. Bb2 Qc7 11. Re1 Nb4 12. Qb1 d5 13. a3 Nc6 14. dxc5 bxc5 15.
cxd5 exd5 16. e4 Nxe4 17. Nxe4 dxe4 18. Qxe4 Nd4 19. Qxe7 Nxf3+ 20. Bxf3 Bxf3
21. Qxc7 Rxc7 22. Rac1 Rb7 23. Re3 Bd5 24. Rxc5 Bxb3 25. Bc3 Be6 26. Bb4 Rd8
27. f4 g6 28. Kf2 Kg7 29. Bc3+ Kf8 30. Bb4 Kg7 31. Kf3 h5 32. Bc3+ Kf8 33. Bb4
Kg7 34. Bc3+ Kf8 1/2-1/2

[Event "WA Class Championship"]
[Site "Lynnwood, WA"]
[Date "????.??.??"]
[Round "2"]
[White "Hosford, Michael"]
[Black "Beck, Alec"]
[Result "1/2-1/2"]
[WhiteElo "1927"]
[BlackElo "1807"]
[PlyCount "66"]
[SourceDate "2018.01.03"]
[SourceVersionDate "2018.01.03"]

1. e4 c5 2. Nf3 e6 3. b3 d5 4. e5 Nc6 5. Bb2 Nh6 6. g3 Qb6 7. d3 Bd7 8. c4 dxc4
9. dxc4 Rd8 10. Qc2 Nf5 11. Nbd2 Ncd4 12. Nxd4 Nxd4 13. Bxd4 cxd4 14. Bd3 Bc6
15. O-O Qc5 16. Rae1 b5 17. Qd1 bxc4 18. bxc4 g5 19. Qh5 h6 20. f4 gxf4 21.
Rxf4 Rd7 22. Rb1 Bd6 23. Re1 Rg8 24. Qe2 Bc7 25. Ne4 Bxe4 26. Qxe4 Rg5 27. Qh7
Bxe5 28. Rfe4 Bxg3 29. hxg3 Rxg3+ 30. Kf2 Rxd3 31. Rxe6+ fxe6 32. Rxe6+ Kd8 33.
Qxd3 Rf7+ 1/2-1/2

[Event "WA Class Championship"]
[Site "Lynnwood, WA"]
[Date "????.??.??"]
[Round "3"]
[White "Haining, Kyle"]
[Black "Yu, Jason"]
[Result "0-1"]
[WhiteElo "2258"]
[BlackElo "2138"]
[PlyCount "88"]
[SourceDate "2018.01.03"]
[SourceVersionDate "2018.01.03"]

1. e4 e5 2. Nf3 Nc6 3. Bb5 a6 4. Bxc6 dxc6 5. O-O f6 6. d4 exd4 7. Nxd4 c5 8.
Ne2 Be6 9. Nbc3 Bd6 10. Bf4 Ne7 11. Qd2 O-O 12. Rfd1 Bxf4 13. Nxf4 Bf7 14. Qe3
Qc8 15. Qxc5 Nc6 16. Ncd5 Re8 17. f3 f5 18. Nc3 Re5 19. Qf2 fxe4 20. Nxe4 Qf5
21. Qg3 Rf8 22. Nd3 Re7 23. Ndf2 Nb4 24. Qh4 Re6 25. Ng5 Rb6 26. c3 Nc2 27.
Rac1 Bxa2 28. Nge4 Ne3 29. Rd3 Nd5 30. Ng3 Qg6 31. Rd2 h6 32. Qg4 Qf7 33. Qh5
Qf4 34. Rcd1 Ne3 35. Rd4 Qf6 36. R1d2 Rb5 37. Nfe4 Qb6 38. Qh4 Rxb2 39. Qe7
Rb1+ 40. Kf2 Ng4+ 41. Ke2 Bc4+ 42. R2d3 Bxd3+ 43. Rxd3 Qg1 44. Qe6+ Kh8 0-1

[Event "WA Class Championship"]
[Site "Lynnwood, WA"]
[Date "????.??.??"]
[Round "3"]
[White "Breckenridge, Steven"]
[Black "Bragg, David"]
[Result "1-0"]
[WhiteElo "2416"]
[BlackElo "2200"]
[PlyCount "77"]
[SourceDate "2018.01.03"]
[SourceVersionDate "2018.01.03"]

1. e4 c6 2. d4 d5 3. Nc3 g6 4. h3 Bg7 5. Nf3 Nf6 6. e5 Nfd7 7. h4 Nf8 8. h5
gxh5 9. Rxh5 Bg4 10. Rg5 Bxf3 11. Qxf3 Ne6 12. Rg4 h5 13. Rh4 Qb6 14. Qg3 Nd7
15. Bd3 O-O-O 16. Bd2 Rdg8 17. Qh3 Ndf8 18. a4 a5 19. b4 axb4 20. a5 Qa7 21.
Na4 Kd8 22. Nb6 Nd7 23. Nxd7 Kxd7 24. Be3 Bh6 25. Rxh5 Bxe3 26. fxe3 Rxh5 27.
Qxh5 Rg7 28. g4 Qa8 29. Qh2 Rg8 30. e4 dxe4 31. d5 cxd5 32. Qd2 Kc6 33. c4 bxc3
34. Qxc3+ Kd7 35. Rd1 b6 36. Bxe4 Nf4 37. axb6 Ke8 38. Ra1 Qb8 39. Qc6+ 1-0

[Event "WA Class Championship"]
[Site "Lynnwood, WA"]
[Date "????.??.??"]
[Round "3"]
[White "Bonrud, Neal"]
[Black "Jones, Davey"]
[Result "0-1"]
[WhiteElo "1840"]
[BlackElo "1751"]
[PlyCount "91"]
[SourceDate "2018.01.03"]
[SourceVersionDate "2018.01.03"]

1. c4 c5 2. Nc3 Nc6 3. g3 g6 4. Bg2 Bg7 5. Rb1 Nf6 6. a3 a5 7. d3 O-O 8. Nf3 d6
9. O-O Nd7 10. e4 Nde5 11. Nxe5 dxe5 12. Nb5 b6 13. Be3 Ba6 14. Nc3 e6 15. Qd2
Qd6 16. Rfd1 Rfd8 17. Na4 Qc7 18. Qc1 Rab8 19. Bf1 Qd7 20. Nc3 Qe7 21. Na2 Rd7
22. Bd2 Nd4 23. b4 Nf3+ 24. Kg2 Nxd2 25. Rxd2 Bh6 26. bxa5 Bxc4 27. Qxc4 Bxd2
28. Nc3 Bxc3 29. Qxc3 Qd6 30. axb6 Rdb7 31. Rb5 Rxb6 32. Rxc5 Rb3 33. Qxe5 Qxe5
34. Rxe5 Rxa3 35. f4 Rb2+ 36. Kh3 Rf2 37. f5 Rxf1 38. fxe6 fxe6 39. Rxe6 Rxd3
40. Re8+ Kg7 41. Re7+ Rf7 42. Re6 Re3 43. Kg4 Kf8 44. Kg5 Re7 45. Rf6+ Ke8 46.
Kh6 0-1

[Event "WA Class Championship"]
[Site "Lynnwood, WA"]
[Date "????.??.??"]
[Round "3"]
[White "Sinanan, Josh"]
[Black "Pupols, Viktors"]
[Result "1-0"]
[WhiteElo "2281"]
[BlackElo "2200"]
[PlyCount "63"]
[SourceDate "2018.01.04"]
[SourceVersionDate "2018.01.04"]

1. d4 Nf6 2. c4 e6 3. g3 d5 4. Nf3 Nbd7 5. Bg2 dxc4 6. O-O Rb8 7. a4 a5 8. Na3
Nb6 9. Ne5 c5 10. dxc5 Qxd1 11. Rxd1 Bxc5 12. Naxc4 Nxc4 13. Nxc4 Ng4 14. e3 b6
15. h3 Nf6 16. e4 O-O 17. Bf4 Ra8 18. Bd6 Bxd6 19. Rxd6 Rb8 20. Rxb6 Rxb6 21.
Nxb6 Bb7 22. e5 Bxg2 23. Kxg2 Rb8 24. Nc4 Nd5 25. Nxa5 Rxb2 26. Nc4 Rc2 27. Nd6
g5 28. a5 Nc7 29. a6 f6 30. a7 fxe5 31. Rb1 Kf8 32. Rb7 1-0

[Event "WA Class Championship"]
[Site "Lynnwood, WA"]
[Date "????.??.??"]
[Round "3"]
[White "Bishop, Alan"]
[Black "Deshpande, Aaryan"]
[Result "0-1"]
[WhiteElo "2066"]
[BlackElo "1925"]
[PlyCount "52"]
[SourceDate "2018.01.04"]
[SourceVersionDate "2018.01.04"]

1. e4 c6 2. d4 d5 3. Nc3 dxe4 4. Nxe4 Bf5 5. Ng3 Bg6 6. Nf3 Nd7 7. h4 h6 8. h5
Bh7 9. Bd3 Bxd3 10. Qxd3 e6 11. Bf4 Qa5+ 12. Bd2 Qc7 13. O-O-O Bd6 14. Rhe1
Bxg3 15. fxg3 Qxg3 16. d5 cxd5 17. Qxd5 Ngf6 18. Rxe6+ fxe6 19. Qxe6+ Kd8 20.
Bc3 Qf4+ 21. Kb1 Kc7 22. Rd4 Qg3 23. Rc4+ Kd8 24. Ba5+ b6 25. Be1 Qxf3 26. gxf3
Re8 0-1

[Event "WA Class Championship"]
[Site "Lynnwood, WA"]
[Date "????.??.??"]
[Round "3"]
[White "Baxter, Brent"]
[Black "Holloran, William"]
[Result "1-0"]
[WhiteElo "1928"]
[BlackElo "1839"]
[PlyCount "108"]
[SourceDate "2018.01.04"]
[SourceVersionDate "2018.01.04"]

1. b3 d5 2. Bb2 c5 3. e3 Nf6 4. Nf3 Nc6 5. Bb5 Bg4 6. h3 Bh5 7. c4 e6 8. d3 Bd6
9. Nbd2 O-O 10. Bxc6 bxc6 11. Qc2 Nd7 12. O-O f5 13. d4 f4 14. e4 Bg6 15. Rfe1
Nf6 16. dxc5 dxe4 17. Nxe4 Nxe4 18. cxd6 Nxd6 19. Qc3 Qc7 20. Ng5 Bf5 21. Nxe6
Bxe6 22. Rxe6 Nf5 23. Rae1 Qf7 24. R1e5 Nh4 25. Re7 Qf6 26. R7e6 Qf7 27. Rg5
Ng6 28. Rf5 Qd7 29. Rd6 Qe7 30. Rc5 f3 31. Rdxc6 Nf4 32. Qe5 Qxe5 33. Bxe5 Nd3
34. Rb5 Rae8 35. Bg3 Re1+ 36. Kh2 fxg2 37. Kxg2 Nxf2 38. Bxf2 Re2 39. Kg3 Rexf2
40. Rcc5 Rxa2 41. Rf5 Rxf5 42. Rxf5 Rc2 43. Rf3 g6 44. Kf4 Kg7 45. Ke5 h5 46.
Kd6 g5 47. c5 Rd2+ 48. Kc7 Kg6 49. c6 g4 50. hxg4 hxg4 51. Rg3 Kf5 52. Kb7 Kf4
53. Rc3 g3 54. c7 g2 1-0

[Event "WA Class Championship"]
[Site "Lynnwood, WA"]
[Date "????.??.??"]
[Round "3"]
[White "LeBlanc, Paul"]
[Black "Velea, Stephanie"]
[Result "1/2-1/2"]
[WhiteElo "1864"]
[BlackElo "1661"]
[PlyCount "83"]
[SourceDate "2018.01.04"]
[SourceVersionDate "2018.01.04"]

1. d4 d5 2. c4 e6 3. Nf3 Nf6 4. g3 Be7 5. Bg2 Nbd7 6. O-O b6 7. Nc3 Bb7 8. b3
O-O 9. Bb2 c5 10. cxd5 exd5 11. e3 Rc8 12. Ne5 Nxe5 13. dxe5 Ne4 14. Nxe4 dxe4
15. Qc2 Ba6 16. Rfd1 Bd3 17. Qc3 Qe8 18. Bf1 c4 19. Bxd3 cxd3 20. Qd4 Qc6 21.
Rac1 Qb7 22. Rxc8 Rxc8 23. Rc1 Rxc1+ 24. Bxc1 Qc7 25. Bd2 Qc2 26. Qc3 Ba3 27.
Be1 Bc1 28. Qd4 Qc5 29. Qd8+ Qf8 30. Qxf8+ Kxf8 31. Bb4+ Ke8 32. Kf1 Kd7 33.
Bc3 Ke6 34. Ke1 g6 35. Kd1 Ba3 36. Kd2 a5 37. f3 Kd5 38. g4 Bb4 39. Bxb4 axb4
40. fxe4+ Kxe4 41. g5 Kxe5 42. Kxd3 1/2-1/2

[Event "WA Class Championship"]
[Site "Lynnwood, WA"]
[Date "????.??.??"]
[Round "3"]
[White "Seshadri, Sridhar"]
[Black "Hendricks, David"]
[Result "1/2-1/2"]
[WhiteElo "1762"]
[BlackElo "1650"]
[PlyCount "114"]
[SourceDate "2018.01.04"]
[SourceVersionDate "2018.01.04"]

1. d4 d5 2. Nf3 Nf6 3. g3 c6 4. Bg2 Bf5 5. O-O h6 6. Nbd2 e6 7. Ne5 Bd6 8. Ndf3
Qc7 9. b3 c5 10. c3 Nc6 11. Nxc6 bxc6 12. dxc5 Bxc5 13. b4 Bb6 14. Bf4 Qb7 15.
Nd4 Bh7 16. Be5 Bc7 17. Bxf6 gxf6 18. Qa4 Kd7 19. b5 cxb5 20. Nxb5 Qc6 21. c4
a6 22. Nc3 Qxa4 23. Nxa4 Kd6 24. cxd5 exd5 25. Rad1 Ke7 26. Rxd5 Rad8 27. Nc3
Be5 28. Rxd8 Rxd8 29. Nd5+ Ke6 30. e4 f5 31. f3 fxe4 32. fxe4 Bd4+ 33. Kh1 f5
34. Bh3 Ke5 35. Ne7 Kxe4 36. Bxf5+ Bxf5 37. Nxf5 h5 38. Rf4+ Ke5 39. Nxd4 Rxd4
40. Rxd4 Kxd4 41. Kg2 Ke5 42. Kh3 Kf5 43. Kh4 Kg6 44. h3 a5 45. g4 hxg4 46.
Kxg4 a4 47. a3 Kh6 48. h4 Kg6 49. Kf4 Kh5 50. Ke4 Kxh4 51. Kd4 Kg5 52. Kc4 Kf6
53. Kb4 Ke7 54. Kxa4 Kd7 55. Kb5 Kc7 56. Ka6 Kb8 57. Kb6 Ka8 1/2-1/2

[Event "WA Class Championship"]
[Site "Lynnwood, WA"]
[Date "????.??.??"]
[Round "3"]
[White "Lopez, Francisco"]
[Black "Fagundes, Frank"]
[Result "1-0"]
[WhiteElo "1697"]
[BlackElo "1712"]
[PlyCount "102"]
[SourceDate "2018.01.04"]
[SourceVersionDate "2018.01.04"]

1. d4 Nf6 2. e3 d5 3. Bd3 c5 4. c3 cxd4 5. exd4 Nc6 6. f4 Qc7 7. Nf3 Bg4 8. O-O
e6 9. Qe1 Bxf3 10. Rxf3 Bd6 11. g3 Rc8 12. Nd2 O-O 13. Rf1 Qb6 14. Nf3 Rfe8 15.
Ne5 Bxe5 16. fxe5 Ng4 17. Kh1 Nxd4 18. cxd4 Qxd4 19. Bb5 Rc2 20. Be2 Nxe5 21.
Rf4 Qc5 22. Bf1 Ng6 23. Be3 Qc6 24. Rf2 a6 25. Rxc2 Qxc2 26. Qe2 Rc8 27. Re1
Qf5 28. Qd3 Qf6 29. Qd2 h5 30. Bg2 Ne5 31. Bd4 Nf3 32. Bxf6 Nxd2 33. Bc3 Nc4
34. Bh3 Rd8 35. Bd4 Re8 36. Kg1 b5 37. Kf2 a5 38. b3 Nd6 39. Bg2 Rc8 40. Re2
Nf5 41. Bb6 a4 42. b4 Rc4 43. Bc5 Nd4 44. Bxd4 Rxd4 45. a3 Rd3 46. Ra2 Rd4 47.
Bf1 h4 48. Bxb5 hxg3+ 49. hxg3 e5 50. Bxa4 Rd3 51. b5 Rd1 1-0

[Event "WA Class Championship"]
[Site "Lynnwood, WA"]
[Date "????.??.??"]
[Round "4"]
[White "Anthony, Ralph"]
[Black "Mathews, Dan"]
[Result "1/2-1/2"]
[WhiteElo "1679"]
[BlackElo "1799"]
[PlyCount "72"]
[SourceDate "2018.01.10"]
[SourceVersionDate "2018.01.10"]

1. e4 c5 2. Nf3 e6 3. d4 cxd4 4. Nxd4 Nc6 5. c4 Bb4+ 6. Nc3 Nge7 7. Be2 O-O 8.
O-O Nxd4 9. Qxd4 Nc6 10. Qd1 a6 11. Be3 Bxc3 12. bxc3 Qc7 13. Bc5 Re8 14. Bd6
Qa5 15. Qd2 b5 16. cxb5 axb5 17. Rfb1 Ba6 18. a3 e5 19. Bg4 Rad8 20. Qe3 f6 21.
Qh3 Bc8 22. Qd3 Na7 23. Qd5+ Kh8 24. c4 Ba6 25. Qc5 Ra8 26. Bxd7 Bb7 27. cxb5
Bxe4 28. Rb4 Rec8 29. Bxc8 Rxc8 30. Qe3 Bb7 31. Rc1 Qd8 32. Rxc8 Nxc8 33. Rb1
Qxd6 34. a4 Qd5 35. f3 h6 36. h3 Nd6 1/2-1/2

[Event "WA Class Championship"]
[Site "Lynnwood, WA"]
[Date "????.??.??"]
[Round "4"]
[White "Campbell, Tim"]
[Black "LeBlanc, Paul"]
[Result "1-0"]
[WhiteElo "1781"]
[BlackElo "1864"]
[PlyCount "108"]
[SourceDate "2018.01.10"]
[SourceVersionDate "2018.01.10"]

1. e4 c6 2. d4 d5 3. exd5 cxd5 4. c4 dxc4 5. Bxc4 Qc7 6. Bb3 Bg4 7. Ba4+ Nd7 8.
Bxd7+ Qxd7 9. Nf3 Nf6 10. Nc3 Bxf3 11. Qxf3 e6 12. O-O Be7 13. Bg5 O-O 14. Rfe1
Rfd8 15. Rad1 Nd5 16. Bxe7 Nxe7 17. d5 exd5 18. Re5 d4 19. Qe4 Nc6 20. Rh5 h6
21. Ne2 Re8 22. Qf3 Qe6 23. Ng3 Rad8 24. h3 Qxa2 25. Nf5 Qe6 26. Rh4 Ne5 27.
Qh5 Qg6 28. Rdxd4 Rxd4 29. Nxd4 Qxh5 30. Rxh5 Nd3 31. Rb5 Re1+ 32. Kh2 b6 33.
Kg3 Rc1 34. b3 Kf8 35. Kf3 f6 36. Rd5 Rc5 37. Ne6+ Ke7 38. Nxc5 Nxc5 39. b4 Na6
40. Rd4 Nc7 41. Ke4 Nb5 42. Rd3 Ke6 43. f4 f5+ 44. Ke3 Nc7 45. Rd4 g5 46. fxg5
hxg5 47. Rc4 Nd5+ 48. Kd4 Nf4 49. Rc6+ Kd7 50. Rc2 a5 51. bxa5 bxa5 52. Rd2
Ne6+ 53. Ke5+ Ke7 54. Kxf5 Kf7 1-0

[Event "WA Class Championship"]
[Site "Lynnwood, WA"]
[Date "????.??.??"]
[Round "4"]
[White "Zhang, Derek"]
[Black "Sinanan, Josh"]
[Result "0-1"]
[WhiteElo "2205"]
[BlackElo "2281"]
[PlyCount "80"]
[SourceDate "2018.01.10"]
[SourceVersionDate "2018.01.10"]

1. Nf3 Nf6 2. c4 e6 3. Nc3 Bb4 4. Qc2 c5 5. e3 Nc6 6. Be2 O-O 7. O-O d5 8. cxd5
exd5 9. a3 Ba5 10. Na4 c4 11. b3 b5 12. Nc3 a6 13. d3 cxb3 14. Qxb3 d4 15. Nd1
Be6 16. Qb1 Bb6 17. exd4 Nxd4 18. Nxd4 Bxd4 19. Bb2 Bg4 20. Bxg4 Nxg4 21. Bxd4
Qxd4 22. Ra2 Rad8 23. Qb4 Ne5 24. Nb2 Qd5 25. Raa1 Nc6 26. Qe4 Qd6 27. a4 Rfe8
28. Qg4 Ne5 29. Qf4 Qd5 30. axb5 axb5 31. Qb4 Nc6 32. Qg4 h5 33. Qh4 Qe5 34.
Rab1 Nd4 35. h3 Ne2+ 36. Kh1 Rd4 37. f4 Rxf4 38. Rxf4 Nxf4 39. Qg3 Re6 40. Rf1
Rf6 0-1

[Event "WA Class Championship"]
[Site "Lynnwood, WA"]
[Date "????.??.??"]
[Round "3"]
[White "Arganian, Dave"]
[Black "Tien, Sophie"]
[Result "1-0"]
[WhiteElo "2011"]
[BlackElo "1818"]
[PlyCount "111"]
[SourceDate "2018.01.10"]
[SourceVersionDate "2018.01.10"]

1. e4 e5 2. Nf3 Nc6 3. Bc4 Bc5 4. c3 Nf6 5. d4 exd4 6. cxd4 Bb4+ 7. Bd2 Bxd2+
8. Nbxd2 d5 9. exd5 Nxd5 10. O-O O-O 11. Re1 Nb6 12. Qb3 Nxc4 13. Qxc4 Be6 14.
Qc3 Ne7 15. Nb3 Nd5 16. Qd2 b6 17. Ne5 Qd6 18. Rac1 f6 19. Rc6 Qd8 20. Rxe6
fxe5 21. R6xe5 c6 22. g3 Rc8 23. Nc1 Rc7 24. Nd3 Rcf7 25. f4 Nf6 26. Qc3 Rc7
27. Qc4+ Kh8 28. Nf2 h6 29. Ne4 Nxe4 30. R1xe4 Rd7 31. Re6 Rd6 32. Rxd6 Qxd6
33. Re6 Qd7 34. Re4 Rd8 35. Qe2 Qf7 36. b3 Qf6 37. Re8+ Rxe8 38. Qxe8+ Kh7 39.
Qe5 Qg6 40. Kf2 Qd3 41. Qe3 Qc2+ 42. Qe2 Qf5 43. Kf3 Qh5+ 44. Ke3 Qe8+ 45. Kd3
Qd7 46. Qe4+ Kh8 47. f5 Qb7 48. Qe8+ Kh7 49. Qg6+ Kh8 50. f6 gxf6 51. Qxh6+ Kg8
52. Qg6+ Qg7 53. Qxg7+ Kxg7 54. Ke4 Kg6 55. h4 Kh5 56. Kf5 1-0

[Event "WA Class Championship"]
[Site "Lynnwood, WA"]
[Date "????.??.??"]
[Round "4"]
[White "Kalina, Chris"]
[Black "Haining, Kyle"]
[Result "0-1"]
[WhiteElo "2116"]
[BlackElo "2258"]
[PlyCount "66"]
[SourceDate "2018.01.10"]
[SourceVersionDate "2018.01.10"]

1. d4 g6 2. e4 Bg7 3. Bc4 d6 4. Nf3 Nf6 5. Nc3 O-O 6. Qe2 Bg4 7. h3 Bxf3 8.
Qxf3 Nc6 9. Ne2 e5 10. d5 Ne7 11. Bg5 Nd7 12. g4 f6 13. Bd2 Kh8 14. Qg2 c6 15.
O-O-O Nb6 16. Bb3 a5 17. dxc6 bxc6 18. a3 Qc7 19. f4 d5 20. f5 Rfb8 21. h4 Qb7
22. Rdg1 a4 23. Ba2 Nc4 24. Bxc4 Qxb2+ 25. Kd1 dxc4 26. Nc3 Rd8 27. Rh3 Ra7 28.
g5 Rad7 29. Nd5 cxd5 30. h5 dxe4 31. Rd3 cxd3 32. c3 e3 33. Qh3 Qxd2# 0-1

[Event "WA Class Championship"]
[Site "Lynnwood, WA"]
[Date "????.??.??"]
[Round "3"]
[White "Velea, Sophie"]
[Black "Du, Shuhan"]
[Result "1/2-1/2"]
[WhiteElo "1710"]
[BlackElo "1840"]
[PlyCount "82"]
[SourceDate "2018.01.10"]
[SourceVersionDate "2018.01.10"]

1. e4 e5 2. Nf3 Nc6 3. Nc3 Nf6 4. Bb5 Bb4 5. O-O d6 6. Nd5 Bc5 7. d4 Bxd4 8.
Nxd4 exd4 9. Bg5 a6 10. Bxc6+ bxc6 11. Nxf6+ gxf6 12. Qxd4 Rg8 13. Bxf6 Qd7 14.
f3 Rb8 15. e5 d5 16. c4 dxc4 17. Qf2 Rb5 18. Rad1 Rd5 19. Rxd5 cxd5 20. Rd1 c6
21. b3 cxb3 22. axb3 Qc7 23. Qc5 Be6 24. Rc1 Kd7 25. b4 Rb8 26. Qe7+ Kc8 27.
Qxc7+ Kxc7 28. Be7 Rb5 29. Ra1 Bc8 30. Bc5 h5 31. g3 Kd7 32. h3 Ke6 33. Bd6 f6
34. f4 d4 35. Kf2 Rd5 36. Ke2 Kf5 37. Kf3 fxe5 38. Bxe5 Kg6 39. Bxd4 Bxh3 40.
Rc1 Bd7 41. Bc5 Kf5 1/2-1/2

[Event "WA Class Championship"]
[Site "Lynnwood, WA"]
[Date "????.??.??"]
[Round "4"]
[White "Varner, Murlin"]
[Black "Liu, Nathan"]
[Result "1-0"]
[WhiteElo "1549"]
[BlackElo "940"]
[PlyCount "59"]
[SourceDate "2018.01.10"]
[SourceVersionDate "2018.01.10"]

1. c4 e5 2. Nc3 Nf6 3. g3 c6 4. Bg2 d5 5. cxd5 cxd5 6. e3 Be6 7. Nge2 Nc6 8.
O-O g6 9. d4 exd4 10. Nxd4 Nxd4 11. Qxd4 Bg7 12. Qa4+ Qd7 13. Qxd7+ Kxd7 14.
Rd1 Kc6 15. e4 Rad8 16. Bf4 dxe4 17. Nxe4 Nd5 18. Rac1+ Kb6 19. Bd2 a6 20. h4
Ka7 21. b3 h6 22. Nc5 Bg4 23. Re1 Bf5 24. Bxd5 Rxd5 25. Be3 b6 26. Na4 Rd6 27.
Rc7+ Kb8 28. Rxf7 Bf6 29. Bxb6 h5 30. Bc7+ 1-0

[Event "WA Class Championship"]
[Site "Lynnwood, WA"]
[Date "????.??.??"]
[Round "4"]
[White "Bartron, Paul"]
[Black "Arganian, Dave"]
[Result "1-0"]
[WhiteElo "2065"]
[BlackElo "2011"]
[PlyCount "35"]
[SourceDate "2018.01.10"]
[SourceVersionDate "2018.01.10"]

1. d4 Nf6 2. c4 e6 3. Nc3 Bb4 4. e3 b6 5. Bd3 Bb7 6. f3 Bxc3+ 7. bxc3 O-O 8.
Ne2 d6 9. O-O Nc6 10. e4 e5 11. Bg5 h6 12. Bh4 Na5 13. f4 g5 14. fxg5 Nxe4 15.
Ng3 Nxg5 16. Qh5 Nf3+ 17. gxf3 Qd7 18. Bf5 1-0

[Event "WA Class Championship"]
[Site "Lynnwood, WA"]
[Date "????.??.??"]
[Round "4"]
[White "He, Anthony"]
[Black "Perez, Ignacio"]
[Result "1/2-1/2"]
[WhiteElo "2313"]
[BlackElo "2200"]
[PlyCount "145"]
[SourceDate "2018.01.10"]
[SourceVersionDate "2018.01.10"]

1. e4 d6 2. d4 Nf6 3. Nc3 g6 4. Nf3 Bg7 5. Bc4 O-O 6. Bb3 Nc6 7. h3 a6 8. O-O
Nd7 9. Be3 Na5 10. Qd2 Nxb3 11. axb3 e5 12. Bg5 f6 13. Bh6 Rf7 14. Rad1 Qe8 15.
Bxg7 Kxg7 16. dxe5 dxe5 17. Qe3 Nf8 18. Rd2 Ne6 19. Rfd1 Bd7 20. Nd5 Bc6 21. g3
a5 22. Kg2 Qf8 23. h4 Qc5 24. Qe1 h5 25. c3 Qb5 26. b4 Qc4 27. Re2 axb4 28.
Nxb4 Bb5 29. Re3 Rd8 30. Rd5 Rxd5 31. exd5 Nc5 32. Nd2 Qg4 33. f3 Qf5 34. c4
Bd7 35. Qh1 Rf8 36. Ne4 Nxe4 37. fxe4 Qg4 38. Nd3 Bc8 39. Qa1 Rf7 40. b4 Kh7
41. Nf2 Qd7 42. Rf3 Qe7 43. Nd3 Bg4 44. Rf2 Rg7 45. c5 g5 46. hxg5 Rxg5 47. Qh1
f5 48. Kf1 Kh6 49. Ke1 Qe8 50. Kd2 Qa4 51. Ke3 Qb3 52. Qc1 Bh3 53. Rf3 fxe4 54.
Kxe4 Bg2 55. Nxe5 Bxf3+ 56. Nxf3 Qxd5+ 57. Ke3 Rg4 58. Kf2+ Kh7 59. Qc2+ Kg8
60. Qc3 Qe4 61. b5 Rg7 62. Qb3+ Kf8 63. Qc3 Qf5 64. Kg2 Rf7 65. Qe3 Qf6 66. Qa3
Kg7 67. Qb3 Qf5 68. Qc3+ Kh7 69. Qe3 Rd7 70. Ng5+ Kg6 71. Nf3 Qd5 72. Kh2 Rd8
73. Nh4+ 1/2-1/2

[Event "WA Class Championship"]
[Site "Lynnwood, WA"]
[Date "????.??.??"]
[Round "4"]
[White "Pupols, Viktors"]
[Black "Mukumbya, Benjamin"]
[Result "1-0"]
[WhiteElo "2200"]
[BlackElo "2055"]
[PlyCount "43"]
[SourceDate "2018.01.10"]
[SourceVersionDate "2018.01.10"]

1. c4 Nf6 2. Nc3 b6 3. e4 e5 4. Nf3 d6 5. g3 Be7 6. Bg2 a5 7. d4 Nbd7 8. O-O
Bb7 9. Re1 O-O 10. b3 Re8 11. Bb2 Bf8 12. d5 c6 13. Rc1 Rc8 14. Bh3 g6 15. Qd2
Rc7 16. Nh4 Nc5 17. f3 Qa8 18. Bf1 b5 19. dxc6 Bxc6 20. cxb5 Qa7 21. bxc6 Nxb3+
22. Qf2 1-0

[Event "WA Class Championship"]
[Site "Lynnwood, WA"]
[Date "????.??.??"]
[Round "3"]
[White "Kalina, Chris"]
[Black "He, Anthony"]
[Result "0-1"]
[WhiteElo "2116"]
[BlackElo "2313"]
[PlyCount "72"]
[SourceDate "2018.01.10"]
[SourceVersionDate "2018.01.10"]

1. d4 Nf6 2. c4 g6 3. Nc3 d5 4. cxd5 Nxd5 5. e4 Nxc3 6. bxc3 Bg7 7. Bc4 c5 8.
Ne2 O-O 9. O-O Nc6 10. Be3 Qc7 11. Qc1 Rd8 12. Rd1 Na5 13. Bd3 b6 14. f3 Bb7
15. d5 e6 16. dxe6 fxe6 17. Rb1 Bc6 18. Bg5 Rd7 19. Bc2 Rf8 20. Rxd7 Bxd7 21.
Bh6 a6 22. Bxg7 Kxg7 23. Bd3 b5 24. c4 b4 25. f4 Nc6 26. e5 Ne7 27. Be4 Bc6 28.
Qe3 Bxe4 29. Qxe4 Rd8 30. g4 a5 31. h4 Rd2 32. h5 Qd7 33. hxg6 hxg6 34. Kf2
Rxa2 35. Rh1 a4 36. Kg3 Qc6 0-1

[Event "WA Class Championship"]
[Site "Lynnwood, WA"]
[Date "????.??.??"]
[Round "3"]
[White "Reeves, Jasen"]
[Black "Varner, Murlin"]
[Result "1-0"]
[WhiteElo "1632"]
[BlackElo "1549"]
[PlyCount "86"]
[SourceDate "2018.01.17"]
[SourceVersionDate "2018.01.17"]

1. d4 Nf6 2. c4 g6 3. Nc3 Bg7 4. e4 O-O 5. Be2 d6 6. Bg5 b6 7. Qd2 Bb7 8. f3
Nbd7 9. g4 c5 10. d5 Ba6 11. h4 Ne5 12. b3 h5 13. Bxf6 exf6 14. gxh5 Kh7 15.
hxg6+ fxg6 16. h5 g5 17. Nh3 Bc8 18. Nf2 Bh6 19. Ng4 Bxg4 20. fxg4 Qd7 21. Rg1
a6 22. Kd1 Rab8 23. a4 Qe8 24. Kc2 Nd7 25. Qe1 Ne5 26. Qf2 Rb7 27. Rgf1 Qc8 28.
Qf5+ Qxf5 29. Rxf5 Rbf7 30. a5 Rb8 31. Ra3 Bg7 32. Rf1 Kh6 33. Rfa1 Rfb7 34.
axb6 Rxb6 35. Bd1 Bf8 36. Kd2 Ra8 37. Nb5 Kg7 38. Nc7 Ra7 39. Nxa6 Nd7 40. Nxc5
Rxa3 41. Ne6+ Kf7 42. Rxa3 Ne5 43. Ra7+ Be7 1-0

[Event "WA Class Championship"]
[Site "Lynnwood, WA"]
[Date "????.??.??"]
[Round "2"]
[White "Lewis-Sandy, Joshua"]
[Black "Watts, Peter"]
[Result "0-1"]
[WhiteElo "1853"]
[BlackElo "1990"]
[PlyCount "60"]
[SourceDate "2018.01.17"]
[SourceVersionDate "2018.01.17"]

1. e4 d6 2. d4 Nf6 3. Nc3 g6 4. Bc4 Bg7 5. Qe2 Nc6 6. Be3 Ng4 7. O-O-O Nxe3 8.
fxe3 Na5 9. Nf3 Nxc4 10. Qxc4 O-O 11. Rdf1 Be6 12. Qe2 c5 13. d5 Bd7 14. Nd1
Qa5 15. Kb1 Qb4 16. Nd2 Bb5 17. c4 Ba6 18. b3 b5 19. Nb2 Qc3 20. Nf3 bxc4 21.
Rc1 cxb3 22. Rxc3 bxa2+ 23. Kxa2 Bxe2 24. Rc2 Bb5 25. h4 Rab8 26. e5 Rb6 27. h5
Rfb8 28. g4 Bd3 29. Rhh2 c4 30. Nxd3 Ra6# 0-1

[Event "WA Class Championship"]
[Site "Lynnwood, WA"]
[Date "????.??.??"]
[Round "1"]
[White "Mukumbya, Benjamin"]
[Black "Perez, Ignacio"]
[Result "0-1"]
[WhiteElo "2056"]
[BlackElo "2200"]
[PlyCount "60"]
[SourceDate "2018.01.17"]
[SourceVersionDate "2018.01.17"]

1. Nf3 Nf6 2. g3 g6 3. Bg2 Bg7 4. c4 O-O 5. Nc3 d6 6. d3 Nbd7 7. Qc2 e5 8. Bd2
a5 9. h4 Nc5 10. Bg5 h6 11. Be3 Ng4 12. Bxc5 dxc5 13. Nh2 Nxh2 14. Rxh2 f5 15.
Qb3 Kh8 16. Qa3 a4 17. Rd1 Qd6 18. b3 e4 19. Nb5 Qe5 20. e3 c6 21. d4 Qb8 22.
Nc3 cxd4 23. exd4 axb3 24. Qxb3 Qa7 25. Rh1 Bxd4 26. Ne2 Bxf2+ 27. Kf1 Be3 28.
Qc3+ Kh7 29. Rd6 Qc5 30. Rf6 Bd4 0-1